| 000 | 00408nam a2200145 a 4500 | ||
|---|---|---|---|
| 005 | 20140414131935.0 | ||
| 008 | 110112s19uu xx 00 eng d | ||
| 050 |
_aREF 612 _bD65 2004 |
||
| 245 |
_aDo I have bendy bones? : _bHuman body. |
||
| 260 |
_aNashville, Tennessee : _bMiles Kelly, _c2004. |
||
| 440 | _aAsk me why | ||
| 650 |
_aHuman anatomy _x |
||
| 650 | _aQuestions and answers. | ||
| 999 |
_c112429 _d112429 |
||